Методологические и теоретические проблемы юридической науки: сборник научных трудов

Bibliographische Detailangaben
Weitere Verfasser: Марченко М. Н. (редактор)
Sprache:Russisch
Veröffentlicht: Москва, Изд-во Московского ун-та, 1986
Schlagworte:
Format: Buch
KOHA link:https://koha.lib.tpu.ru/cgi-bin/koha/opac-detail.pl?biblionumber=261233

MARC

LEADER 00000nam0a2200000 4500
001 261233
005 20231101233539.0
010 |a 5343003362 
035 |a (RuTPU)RU\TPU\book\284209 
090 |a 261233 
100 |a 20140521d1986 k y0rusy50 ca 
101 0 |a rus 
102 |a RU 
105 |a y z 001zy 
200 1 |a Методологические и теоретические проблемы юридической науки  |e сборник научных трудов  |f под ред. М. Н. Марченко 
210 |a Москва  |c Изд-во Московского ун-та  |d 1986 
215 |a 240 с. 
320 |a Библиогр. в примеч. в конце ст. 
606 1 |a Философия права  |2 stltpush  |3 (RuTPU)RU\TPU\subj\63891  |9 80823 
610 1 |a юридические науки 
610 1 |a методология 
610 1 |a теория 
610 1 |a государство 
610 1 |a право 
610 1 |a социалистическое общество 
610 1 |a буржуазные концепции 
610 1 |a идеологическая борьба 
610 1 |a 20 век 
686 |a Х0  |v LBC/SL-A  |2 rubbk 
702 1 |a Марченко  |b М. Н.  |4 340 
801 1 |a RU  |b 63413507  |c 20140521 
801 2 |a RU  |b 63413507  |c 20160321  |g RCR 
942 |c BK